| 000 | 00370nam a2200157Ia 4500 | ||
|---|---|---|---|
| 008 | 230312s9999||||xx |||||||||||||| ||und|| | ||
| 020 | _a1-84078-112-2 | ||
| 082 |
_a005.15 _bMCG-W |
||
| 100 | _aMike Mcgath | ||
| 245 | 0 | _aWap | |
| 260 |
_aUK _c2001 |
||
| 300 | _a192 | ||
| 546 | _aEng. | ||
| 650 |
_acomputer _vStating in wml,Deck navigation,Float library |
||
| 942 | _cBK | ||
| 999 |
_c3088 _d3088 |
||